Unsolved problems in number theory

Αποθηκεύτηκε σε:
Λεπτομέρειες βιβλιογραφικής εγγραφής
Κύριος συγγραφέας: Guy, Richard K.
Μορφή: Βιβλίο
Γλώσσα:English
Δημοσίευση: New York : Springer-Verlag, c1981
Σειρά:Problem books in mathematics. Unsolved problems in intuitive mathematics ; ; 1
Θέματα:
Ετικέτες: Προσθήκη ετικέτας
Δεν υπάρχουν, Καταχωρήστε ετικέτα πρώτοι!

MARC

LEADER 00000cam a2200000 i 4500
001 1/7568
008 100518s1981 eng d
020 |a 0-387-90593-6 
020 |a 3-540-90593-6 
035 |l 10107909 
040 |a GR-MY-UA  |b gre  |e aacr 
041 0 |a eng 
082 0 |a 512.7  |2 (22) 
100 1 |a Guy, Richard K. 
245 1 0 |a Unsolved problems in number theory /  |c Richard K. Guy 
260 |a New York :   |b Springer-Verlag,   |c c1981 
300 |a xviii, 161 σ.;  |c 24 εκ. 
490 1 |a Problem books in mathematics  |v ; 1; Unsolved problems in intyuitive mathematics 
504 |a Περιέχει ευρετήριο 
650 0 0 |a Number theory  |x Problems, exercises, etc. 
830 0 |a Problem books in mathematics. Unsolved problems in intuitive mathematics ;  |v ; 1 
852 |a INST  |b SAMOS  |c MAG  |e 20100518  |h 512.7 GUY  |p 005300028527  |q 005300028527  |t BK  |y 0 
901 |a BIBL3-2010-2 
909 |a Σ  |b 158116 
970 |a ΣΙΤΖΙΜΗ  |b ΓΙΑΣΕΜΗ  |z 2010/05/18